Elenca la formazione - Quiz n°164 - Statistics

Statistiche generali
  • Questo quiz è stato fatto 64 volte
  • Il punteggio medio è 8 su 11
Statistiche sulle risposte
Ruolo Nazione Calciatore % Corretto
Centrocampista Italia Marco Verratti
97%
Attaccante Brasile Neymar
97%
Attaccante Francia Kylian Mbappé
95%
Difensore Brasile Marquinhos
95%
Attaccante Argentina Ángel Di María
93%
Centrocampista Germania Ban Julian Draxle
86%
Portiere Francia Alphonse Areola
81%
Difensore Francia Presnel Kimpembe
81%
Difensore Spagna Juan Bernat
67%
Difensore Francia Colin Dagba
19%
Centrocampista Brasile Dani Alves
5%
Nessun quiz corrispondente trovato
Distribuzione punteggi
Percentuale di utenti per punteggio
Percentile per numero di risposta
I tuoi punteggi nel tempo
Non hai fatto questo quiz